[Event "Bangabandhu-chT"]
[Site "Dhaka"]
[Date "2024.02.06"]
[Round "6.1"]
[White "Ikramul, Haque Siam"]
[Black "Rathanvel, VS."]
[Result "0-1"]
[WhiteElo "2036"]
[BlackElo "2474"]
[PlyCount "110"]
[EventDate "2024.02.01"]
[EventType "team-tourn"]
[EventRounds "11"]
[EventCountry "BAN"]
[SourceTitle "CB07_2024"]
[SourceDate "2024.02.14"]
[SourceVersion "1"]
[SourceVersionDate "2024.02.14"]
[SourceQuality "1"]
[WhiteTeam "Titas Club"]
[BlackTeam "Leonine CC"]
[WhiteTeamCountry "BAN"]
[BlackTeamCountry "BAN"]

1. d4 Nf6 2. Bg5 d5 3. Bxf6 gxf6 4. e3 c5 5. dxc5 Nc6 6. Nf3 e5 7. c4 d4 8. exd4 e4 9. Nfd2 Qxd4 10. Nc3 Qe5 11. Be2 f5 12. Nb3 Be6 13. a3 Rd8 14. Qc2 Bxc5 15. Nxc5 Qxc5 16. 0-0 0-0 17. Qc1 Qe5 18. Qe3 Nd4 19. f3 Nxe2+ 20. Qxe2 Qd4+ 21. Qf2 Bxc4 22. Rfd1 Qxf2+ 23. Kxf2 Bb3 24. Rxd8 Rxd8 25. Re1 exf3 26. Kxf3 Be6 27. g3 Kg7 28. Rd1 Rc8 29. Rd4 Rc5 30. Rb4 b6 31. Rb5 Rc6 32. Re5 Kf6 33. Re1 Rc4 34. Ke3 Kg5 35. Rf1 Kg4 36. Rf2 h5 37. Rf1 a6 38. Rf2 b5 39. Rf1 a5 40. Rf2 b4 41. Ne2 Re4+ 42. Kd2 Bc4 43. Rf4+ Rxf4 44. Nxf4 bxa3 45. bxa3 h4 46. Ng2 hxg3 47. Ne3+ Kf3 48. hxg3 Be6 49. Nc2 Kxg3 50. Ke1 f4 51. Kf1 Bc4+ 52. Kg1 f3 53. Ne3 f2+ 54. Kh1 Bd5+ 55. Nxd5 f1Q# 0-1

[Event "BAN-chT Premier"]
[Site "Dhaka"]
[Date "2022.12.10"]
[Round "11.3"]
[White "Bappi, Ab"]
[Black "Ikramul, Haque Siam"]
[Result "0-1"]
[WhiteElo "1846"]
[BlackElo "2099"]
[PlyCount "88"]
[EventDate "2022.11.30"]
[EventType "team-tourn"]
[EventRounds "11"]
[EventCountry "BAN"]
[SourceTitle "CBM 211 Extra"]
[Source "ChessBase"]
[SourceDate "2023.01.31"]
[SourceVersion "1"]
[SourceVersionDate "2023.01.31"]
[SourceQuality "1"]
[WhiteTeam "Rupali Bank Krira Parisad"]
[BlackTeam "Titas CC"]
[WhiteTeamCountry "BAN"]
[BlackTeamCountry "BAN"]

1. c4 e5 2. Nc3 Bb4 3. Qc2 c6 4. Nf3 d6 5. g3 f5 6. a3 Ba5 7. Bg2 Nf6 8. b4 Bc7 9. d3 0-0 10. Bb2 Kh8 11. h3 a5 12. b5 Qe8 13. e4 fxe4 14. dxe4 Be6 15. Qe2 Nbd7 16. Rc1 a4 17. 0-0 Bb6 18. Kh2 Qh5 19. Nh4 Bd4 20. Qxh5 Nxh5 21. Nd1 Bc5 22. Nf5 Nb6 23. Nde3 cxb5 24. Nxd6 Bxd6 25. c5 Nc4 26. Nxc4 Bxc4 27. Rxc4 bxc4 28. cxd6 Rae8 29. Kg1 Re6 30. Bc3 Rxd6 31. Bxe5 Rd3 32. Rb1 Rb3 33. Rc1 Rc8 34. g4 Nf6 35. Bd6 Ne8 36. Bb4 c3 37. e5 c2 38. Kh2 Rb1 39. Bd2 Rxc1 40. Bxc1 Rd8 41. Bxb7 Rd1 42. Bc6 Rxc1 43. Bxa4 Nc7 44. Bxc2 Rxc2 0-1

[Event "BAN-chT"]
[Site "Dhaka"]
[Date "2022.03.19"]
[Round "10.3"]
[White "Harshad, S."]
[Black "Ikramul, Haque Siam"]
[Result "1/2-1/2"]
[WhiteElo "2328"]
[BlackElo "2101"]
[PlyCount "101"]
[EventDate "2022.03.10"]
[EventType "team-tourn"]
[EventRounds "11"]
[EventCountry "BAN"]
[SourceTitle "CBM 207 Extra"]
[Source "ChessBase"]
[SourceDate "2022.05.31"]
[SourceVersion "1"]
[SourceVersionDate "2022.05.31"]
[SourceQuality "1"]
[WhiteTeam "Janata Bank Officer Welfare"]
[BlackTeam "Uttara Central CC"]
[WhiteTeamCountry "BAN"]
[BlackTeamCountry "BAN"]

1. e4 e5 2. Nf3 Nc6 3. Bb5 a6 4. Ba4 Nf6 5. d3 d6 6. c3 g6 7. 0-0 Bg7 8. Nbd2 b5 9. Bc2 0-0 10. a4 Bb7 11. b4 Re8 12. Qe2 Nb8 13. Nb3 Nbd7 14. Na5 Qc8 15. Bb3 h6 16. Nh4 Nf8 17. Qf3 Ne6 18. Qh3 Rb8 19. Be3 c6 20. c4 Qd7 21. Nxb7 Rxb7 22. cxb5 axb5 23. a5 d5 24. Nf3 Nh5 25. g3 Kh7 26. Rfc1 Qd6 27. Bc5 Qd7 28. Bb6 Rbb8 29. Qf1 Qd6 30. Rab1 Nf6 31. Qe1 Nd7 32. Be3 Rbc8 33. Bd2 Nb8 34. h4 Na6 35. Kg2 h5 36. Rc2 Nd4 37. Rcc1 Nxf3 38. Kxf3 f5 39. Kg2 Rf8 40. Bd1 f4 41. Bf3 fxg3 42. fxg3 Rc7 43. Qe2 Rcf7 44. Rf1 Bh6 45. Bc3 d4 46. Be1 Qe6 47. Rb2 Be3 48. Kh2 Bc1 49. Rb1 Be3 50. Rb2 Bc1 51. Rb1 1/2-1/2

[Event "BAN-chT"]
[Site "Dhaka"]
[Date "2022.03.17"]
[Round "8.4"]
[White "Nayem, Haque"]
[Black "Ikramul, Haque Siam"]
[Result "1/2-1/2"]
[WhiteElo "2180"]
[BlackElo "2101"]
[PlyCount "100"]
[EventDate "2022.03.10"]
[EventType "team-tourn"]
[EventRounds "11"]
[EventCountry "BAN"]
[SourceTitle "CBM 207 Extra"]
[Source "ChessBase"]
[SourceDate "2022.05.31"]
[SourceVersion "1"]
[SourceVersionDate "2022.05.31"]
[SourceQuality "1"]
[WhiteTeam "Bangladesh Biman"]
[BlackTeam "Uttara Central CC"]
[WhiteTeamCountry "BAN"]
[BlackTeamCountry "BAN"]

1. e4 c6 2. d4 d5 3. e5 c5 4. dxc5 e6 5. Nf3 Bxc5 6. Bd3 Nc6 7. a3 Nge7 8. b4 Bb6 9. Bb2 Ng6 10. g3 Bc7 11. Qe2 a6 12. Nbd2 d4 13. Be4 Ngxe5 14. Nxe5 Nxe5 15. f4 Nc6 16. Nf3 Bb6 17. 0-0-0 Bd7 18. Nxd4 Nxd4 19. Bxd4 Bxd4 20. Rxd4 Qb6 21. Qd3 Bb5 22. c4 Rc8 23. Kb2 Bc6 24. Rd1 Bxe4 25. Qxe4 0-0 26. Rd6 Qf2+ 27. R1d2 Qf1 28. c5 Rb8 29. Rd7 a5 30. Qd3 Qh1 31. b5 h5 32. Qb1 Qf3 33. Qd3 Qh1 34. Rc2 h4 35. gxh4 Qe1 36. Qg3 Qf1 37. a4 Rfd8 38. Rxd8+ Rxd8 39. Qf2 Qd3 40. Rc3 Qd1 41. Rc2 Rd4 42. c6 Rxa4 43. Qc5 b6 44. Rc1 Qd2+ 45. Qc2 Qd4+ 46. Qc3 Qd5 47. Qb3 Qd4+ 48. Rc3 Qd2+ 49. Rc2 Qd4+ 50. Rc3 Qd2+ 1/2-1/2

[Event "BAN-chT"]
[Site "Dhaka"]
[Date "2022.03.11"]
[Round "2.6"]
[White "Ikramul, Haque Siam"]
[Black "Anata, Choudhury"]
[Result "1/2-1/2"]
[WhiteElo "2101"]
[BlackElo "2185"]
[PlyCount "60"]
[EventDate "2022.03.10"]
[EventType "team-tourn"]
[EventRounds "11"]
[EventCountry "BAN"]
[SourceTitle "CBM 207 Extra"]
[Source "ChessBase"]
[SourceDate "2022.05.31"]
[SourceVersion "1"]
[SourceVersionDate "2022.05.31"]
[SourceQuality "1"]
[WhiteTeam "Uttara Central CC"]
[BlackTeam "Rupali Bank Krira Parisad"]
[WhiteTeamCountry "BAN"]
[BlackTeamCountry "BAN"]

1. d4 Nf6 2. Nf3 e6 3. Bf4 c5 4. e3 b6 5. Nbd2 Bb7 6. Bd3 cxd4 7. exd4 Be7 8. c3 d6 9. 0-0 0-0 10. a4 a6 11. Re1 Nbd7 12. h3 Re8 13. Bh2 Nf8 14. Nc4 Nd5 15. Ne3 Ng6 16. Nxd5 Bxd5 17. Bg3 Bb7 18. Qe2 Qc8 19. h4 Nf8 20. Ng5 h6 21. Nh3 Qd8 22. Qg4 Nd7 23. Nf4 Nf6 24. Qe2 Bf8 25. Nh5 Nxh5 26. Qxh5 Qf6 27. Qg4 Bc6 28. Qe2 Bb7 29. Qg4 Bc6 30. Qe2 Bb7 1/2-1/2

[Event "BAN-chT"]
[Site "Dhaka"]
[Date "2022.03.10"]
[Round "1.2"]
[White "Subrota, Biswas"]
[Black "Ikramul, Haque Siam"]
[Result "1/2-1/2"]
[WhiteElo "2241"]
[BlackElo "2101"]
[PlyCount "73"]
[EventDate "2022.03.10"]
[EventType "team-tourn"]
[EventRounds "11"]
[EventCountry "BAN"]
[SourceTitle "CBM 207 Extra"]
[Source "ChessBase"]
[SourceDate "2022.05.31"]
[SourceVersion "1"]
[SourceVersionDate "2022.05.31"]
[SourceQuality "1"]
[WhiteTeam "Bangladesh Navy"]
[BlackTeam "Uttara Central CC"]
[WhiteTeamCountry "BAN"]
[BlackTeamCountry "BAN"]

1. e4 e6 2. d4 d5 3. Nc3 Bb4 4. e5 c5 5. a3 Ba5 6. b4 cxd4 7. Nb5 Bc7 8. f4 Bd7 9. Qg4 Kf8 10. Nxd4 Ne7 11. Ngf3 Nbc6 12. Bd3 Nxd4 13. Nxd4 Bb6 14. Bb2 h5 15. Qh3 Kg8 16. Nf3 a6 17. a4 Qe8 18. Bd4 Bxd4 19. Nxd4 Nc6 20. Nxc6 Bxc6 21. f5 exf5 22. Qxf5 Bxa4 23. 0-0 Bd7 24. Qg5 Rc8 25. Rf6 Bb5 26. Bxb5 Qxb5 27. Raf1 Qd7 28. h4 Rc6 29. R6f2 Rhh6 30. Qd2 Rhg6 31. Rf5 Rg4 32. Rxh5 Rcg6 33. Rf2 d4 34. c4 Qe7 35. Rhf5 Rxh4 36. Rxf7 Qxe5 37. Rf8+ 1/2-1/2

[Event "Dhaka Al Mahmud Memorial"]
[Site "Dhaka"]
[Date "2022.02.09"]
[Round "5"]
[White "Ikramul, Haque Siam"]
[Black "Abu Sufian, Sakil"]
[Result "1/2-1/2"]
[WhiteElo "2075"]
[BlackElo "2232"]
[PlyCount "24"]
[EventDate "2022.02.05"]
[EventType "swiss"]
[EventRounds "9"]
[EventCountry "BAN"]
[SourceTitle "CBM 206 Extra"]
[Source "ChessBase"]
[SourceDate "2022.03.31"]
[SourceVersion "1"]
[SourceVersionDate "2022.03.31"]
[SourceQuality "1"]

1. e4 c5 2. Nf3 d6 3. d4 cxd4 4. Nxd4 Nf6 5. Nc3 g6 6. Be3 Bg7 7. f3 0-0 8. Qd2 Nc6 9. 0-0-0 d5 10. Qe1 e6 11. h4 Qc7 12. Ndb5 Qe7 1/2-1/2

[Event "Dhaka Al Mahmud Memorial"]
[Site "Dhaka"]
[Date "2022.02.06"]
[Round "2"]
[White "Ikramul, Haque Siam"]
[Black "Moniruzzaman, Masud"]
[Result "1-0"]
[WhiteElo "2075"]
[BlackElo "1787"]
[PlyCount "97"]
[EventDate "2022.02.05"]
[EventType "swiss"]
[EventRounds "9"]
[EventCountry "BAN"]
[SourceTitle "EXT 2023"]
[Source "ChessBase"]
[SourceDate "2022.10.05"]
[SourceVersion "1"]
[SourceVersionDate "2022.10.05"]
[SourceQuality "1"]

1. e4 b6 2. d4 e6 3. Bd3 Bb7 4. Nf3 Be7 5. 0-0 d6 6. c4 Nf6 7. Nc3 h6 8. Re1 Nfd7 9. d5 e5 10. Rb1 a5 11. a3 0-0 12. b4 Bc8 13. h3 Nf6 14. Be3 Re8 15. Nd2 axb4 16. axb4 Nbd7 17. Nb3 Ba6 18. Ra1 Bf8 19. Qd2 Nh5 20. Be2 Qh4 21. Bg4 Ndf6 22. b5 Bb7 23. g3 Nxg3 24. fxg3 Qxg3+ 25. Qg2 Qh4 26. Qf2 Qxf2+ 27. Kxf2 Be7 28. Rxa8 Rxa8 29. Ra1 Rxa1 30. Nxa1 Kh7 31. Kg3 g6 32. Nc2 Kg7 33. Nb4 Bd8 34. Bf3 Nd7 35. Bg4 Nf8 36. h4 h5 37. Bh3 f6 38. Nc6 Bxc6 39. dxc6 g5 40. Bf5 Kf7 41. Nd5 Ne6 42. Bxe6+ Kxe6 43. hxg5 fxg5 44. Bxb6 cxb6 45. c7 Bxc7 46. Nxc7+ Kd7 47. Nd5 Kc8 48. Nxb6+ Kb7 49. Nd5 1-0

[Event "BAN-chB 46th"]
[Site "Dhaka"]
[Date "2021.12.21"]
[Round "7"]
[White "Md Abzid, Rahman"]
[Black "Ikramul, Haque Siam"]
[Result "1/2-1/2"]
[WhiteElo "2107"]
[BlackElo "2038"]
[PlyCount "97"]
[EventDate "2021.12.15"]
[EventType "swiss"]
[EventRounds "9"]
[EventCountry "BAN"]
[SourceTitle "CBM 206 Extra"]
[Source "ChessBase"]
[SourceDate "2022.03.31"]
[SourceVersion "1"]
[SourceVersionDate "2022.03.31"]
[SourceQuality "1"]

1. d4 e6 2. Nf3 f5 3. e3 Nf6 4. Bd3 b6 5. Qe2 Bb7 6. Nbd2 Ne4 7. a4 a5 8. 0-0 Be7 9. Ne5 0-0 10. f3 Nxd2 11. Bxd2 d6 12. Nc4 Nd7 13. e4 f4 14. e5 d5 15. Na3 Kh8 16. g3 Bg5 17. Qg2 Rf7 18. Kh1 Nf8 19. Nb5 Ba6 20. gxf4 Bxf4 21. Bxf4 Rxf4 22. Rg1 Qe7 23. Qg3 Qf7 24. Raf1 Bxb5 25. axb5 h6 26. c3 g5 27. Qh3 Rh4 28. Qg3 Rf4 29. Qh3 Rh4 30. Qg2 Rf4 31. Qc2 Kg7 32. Rg4 Ng6 33. Bxg6 Qxg6 34. Qxg6+ Kxg6 35. Rxf4 gxf4 36. Rg1+ Kh7 37. Rg4 Rf8 38. Kg1 h5 39. Rg2 Rg8 40. Rxg8 Kxg8 41. Kf1 Kf7 42. Ke2 h4 43. Kd3 h3 44. c4 Ke7 45. cxd5 exd5 46. b4 axb4 47. Kc2 Kd7 48. Kb3 Ke7 49. Kxb4 1/2-1/2

[Event "Dhaka Sheikh Russel op"]
[Site "Dhaka"]
[Date "2021.10.20"]
[Round "2"]
[White "Mohammad, Minhaz Uddin"]
[Black "Ikramul, Haque Siam"]
[Result "1-0"]
[WhiteElo "2264"]
[BlackElo "2054"]
[PlyCount "57"]
[EventDate "2021.10.19"]
[EventType "swiss"]
[EventRounds "9"]
[EventCountry "BAN"]
[SourceTitle "CBM 204 Extra"]
[Source "ChessBase"]
[SourceDate "2021.11.30"]
[SourceVersion "1"]
[SourceVersionDate "2021.11.30"]
[SourceQuality "1"]

1. e4 e6 2. d4 d5 3. Nd2 Nf6 4. e5 Nfd7 5. Bd3 c5 6. c3 Nc6 7. Ne2 cxd4 8. cxd4 f6 9. exf6 Nxf6 10. 0-0 Bd6 11. Nf3 Qc7 12. Bg5 0-0 13. Bh4 Nh5 14. Rc1 g6 15. Bg3 Nxg3 16. hxg3 Qg7 17. Qd2 Bd7 18. Bb5 Rac8 19. Bxc6 bxc6 20. Qe3 Qe7 21. Nf4 c5 22. Rfe1 Rfe8 23. dxc5 Bxc5 24. Qd3 Qf7 25. Rc2 Bb4 26. Rxc8 Rxc8 27. Ng5 Qf5 28. Qxf5 exf5 29. Rd1 1-0

[Event "BAN-chT Premier"]
[Site "Dhaka"]
[Date "2021.03.27"]
[Round "9.1"]
[White "Asif, Mahmud"]
[Black "Ikramul, Haque Siam"]
[Result "1/2-1/2"]
[WhiteElo "1907"]
[BlackElo "2037"]
[PlyCount "63"]
[EventDate "2021.03.19"]
[EventType "team-tourn"]
[EventRounds "11"]
[EventCountry "BAN"]
[SourceTitle "CBM 201 Extra"]
[Source "ChessBase"]
[SourceDate "2021.05.31"]
[SourceVersion "1"]
[SourceVersionDate "2021.05.31"]
[SourceQuality "1"]
[WhiteTeam "Leonine CC"]
[BlackTeam "Titas CC"]
[WhiteTeamCountry "BAN"]
[BlackTeamCountry "BAN"]

1. d4 d5 2. c4 e6 3. Nc3 a6 4. cxd5 exd5 5. Nf3 Nf6 6. Bg5 Be7 7. e3 c6 8. Bd3 Bg4 9. Qb3 Bc8 10. 0-0 Nbd7 11. Qc2 h6 12. Bh4 Nh5 13. Bxe7 Qxe7 14. e4 dxe4 15. Nxe4 0-0 16. Rfe1 Ndf6 17. Nc5 Qc7 18. h3 Nf4 19. Bc4 b6 20. Ne4 Nxe4 21. Qxe4 Be6 22. Bxe6 Nxe6 23. Rac1 Rac8 24. b4 Rfd8 25. g3 Qd6 26. a3 a5 27. bxa5 bxa5 28. Rc3 Nxd4 29. Nxd4 Qxd4 30. Qxd4 Rxd4 31. Re5 a4 32. Rec5 1/2-1/2

[Event "Joytu Sheikh Hasina Online op"]
[Site "Chess.com INT"]
[Date "2020.09.26"]
[Round "8"]
[White "Ikramul, Haque Siam"]
[Black "Khan, Nazrana"]
[Result "1-0"]
[WhiteElo "2037"]
[BlackElo "1949"]
[PlyCount "99"]
[EventDate "2020.09.24"]
[EventType "swiss"]
[EventRounds "9"]
[EventCountry "BAN"]
[SourceTitle "EXT 2022"]
[Source "ChessBase"]
[SourceDate "2021.10.06"]
[SourceVersion "1"]
[SourceVersionDate "2021.10.06"]
[SourceQuality "1"]

1. d4 d5 2. Bf4 Nf6 3. e3 c5 4. c3 Nc6 5. Nd2 Bf5 6. Ngf3 e6 7. Nh4 Bd6 8. Nxf5 exf5 9. dxc5 Bxc5 10. Nb3 Be7 11. Bb5 0-0 12. 0-0 g6 13. Nd4 Qb6 14. Qe2 a6 15. Ba4 Kg7 16. Rfd1 Nh5 17. Bxc6 bxc6 18. Nxf5+ Kf6 19. Bh6 Rfb8 20. Nd4 Bc5 21. g4 Bxd4 22. cxd4 Rg8 23. Qf3+ Ke7 24. gxh5 g5 25. h4 c5 26. Bxg5+ f6 27. dxc5 Qe6 28. Rxd5 fxg5 29. hxg5 Raf8 30. Qg2 Rf5 31. Rxf5 Qxf5 32. Qb7+ Kf8 33. f4 h6 34. Qa8+ Kg7 35. Qb7+ Kf8 36. Qb8+ Kg7 37. Qc7+ Kf8 38. Qd6+ Kg7 39. Qxh6+ Kf7 40. Qc6 Qg4+ 41. Qg2 Qxh5 42. Kf2 Rb8 43. b3 Qg6 44. Qd5+ Kg7 45. Qe5+ Kf7 46. Qxb8 Qc2+ 47. Kf3 Qxc5 48. Qb7+ Kf8 49. Rh1 Qd5+ 50. Qxd5 1-0

[Event "Joytu Sheikh Hasina Online op"]
[Site "Chess.com INT"]
[Date "2020.09.26"]
[Round "9"]
[White "Mohammad, Yousuf"]
[Black "Ikramul, Haque Siam"]
[Result "0-1"]
[WhiteElo "1888"]
[BlackElo "2037"]
[PlyCount "100"]
[EventDate "2020.09.24"]
[EventType "swiss"]
[EventRounds "9"]
[EventCountry "BAN"]
[SourceTitle "EXT 2022"]
[Source "ChessBase"]
[SourceDate "2021.10.06"]
[SourceVersion "1"]
[SourceVersionDate "2021.10.06"]
[SourceQuality "1"]

1. e4 e6 2. d4 d5 3. Nc3 Bb4 4. e5 c5 5. a3 Bxc3+ 6. bxc3 Ne7 7. Qg4 cxd4 8. cxd4 Qc7 9. Ne2 Qxc2 10. Bg5 Nbc6 11. g3 h5 12. Qf3 Qf5 13. Qe3 f6 14. exf6 gxf6 15. Bf4 e5 16. dxe5 fxe5 17. Bg5 d4 18. Qd2 d3 19. Nc3 Nd4 20. Bxd3 Qxg5 21. Bb5+ Nec6 22. Bxc6+ bxc6 23. Qd3 Bf5 24. Ne4 Qg6 25. f3 Bxe4 26. fxe4 0-0 27. 0-0-0 Rab8 28. Rhf1 Qg5+ 29. Rf4 Nb3+ 30. Kc2 exf4 31. Qc4+ Kh8 32. Rd6 Qc5 33. Rh6+ Kg7 34. Qxc5 Nxc5 35. Rxh5 Nxe4 36. gxf4 Rxf4 37. Kd3 Nf6 38. Rg5+ Kf7 39. Rc5 Rb3+ 40. Kc2 Rxa3 41. Rxc6 Rf2+ 42. Kb1 Re3 43. Rc7+ Kg6 44. Rc1 Ree2 45. Rg1+ Kf5 46. h4 Ne4 47. h5 Rb2+ 48. Kc1 Rbc2+ 49. Kb1 Nc3+ 50. Ka1 Ra2# 0-1

[Event "BAN-chT"]
[Site "Dhaka"]
[Date "2019.12.13"]
[Round "7.2"]
[White "Sourath, Biswas"]
[Black "Ikramul, Haque Siam"]
[Result "1-0"]
[WhiteElo "1944"]
[BlackElo "2109"]
[PlyCount "151"]
[EventDate "2019.12.07"]
[EventType "team-tourn"]
[EventRounds "11"]
[EventCountry "BAN"]
[SourceTitle "CBM 194 Extra"]
[Source "ChessBase"]
[SourceDate "2020.03.31"]
[SourceVersion "1"]
[SourceVersionDate "2020.03.31"]
[SourceQuality "1"]
[WhiteTeam "Access"]
[BlackTeam "Sonargaon CC"]
[WhiteTeamCountry "BAN"]
[BlackTeamCountry "BAN"]

1. Nf3 d5 2. c4 e6 3. g3 Nf6 4. Bg2 dxc4 5. Qa4+ Bd7 6. Qxc4 c5 7. Ne5 Qc8 8. b3 Nc6 9. Nxd7 Qxd7 10. Bb2 Be7 11. e3 Rc8 12. 0-0 0-0 13. Rd1 Rfd8 14. Na3 b6 15. Nc2 Ne8 16. Qe2 Bf6 17. Bxf6 Nxf6 18. d4 cxd4 19. Nxd4 Nxd4 20. Rxd4 Qe7 21. Rxd8+ Rxd8 22. Rc1 h6 23. h3 Qd7 24. Bf3 Rc8 25. Rd1 Qc7 26. Qd3 Kf8 27. Kg2 Ke7 28. Qa6 Nd7 29. Qa3+ Nc5 30. Rc1 a5 31. b4 axb4 32. Qxb4 Qd6 33. Rd1 Qc7 34. Rb1 Qa7 35. Qxb6 Qxa2 36. Rd1 Qc2 37. Qd6+ Kf6 38. Rd4 g5 39. h4 Qf5 40. hxg5+ hxg5 41. Rd5 Qc2 42. Qe5+ Ke7 43. Qxg5+ Kf8 44. Qh6+ Ke7 45. Qh4+ f6 46. Rh5 Rf8 47. Qb4 e5 48. Rh4 Ke6 49. Re4 Qxf2+ 50. Kxf2 Nd3+ 51. Ke2 Nxb4 52. Rxb4 f5 53. Rb6+ Kd7 54. Rg6 Rh8 55. e4 f4 56. gxf4 exf4 57. Rf6 Rh2+ 58. Kd3 Rh4 59. Kd4 Ke7 60. Ke5 Rh3 61. Rxf4 Rh6 62. Rf5 Ra6 63. Kf4 Rg6 64. e5 Ke6 65. Bd1 Rg1 66. Bb3+ Ke7 67. Rf7+ Ke8 68. Rb7 Rf1+ 69. Ke4 Kd8 70. Kd5 Kc8 71. Rh7 Rb1 72. Bc4 Rd1+ 73. Ke6 Rc1 74. Bd5 Rg1 75. Kd6 Re1 76. Rh8# 1-0

[Event "BAN-chT"]
[Site "Dhaka"]
[Date "2019.12.08"]
[Round "2.1"]
[White "Mchedlishvili, Mikheil"]
[Black "Ikramul, Haque Siam"]
[Result "1-0"]
[WhiteElo "2567"]
[BlackElo "2109"]
[PlyCount "87"]
[EventDate "2019.12.07"]
[EventType "team-tourn"]
[EventRounds "11"]
[EventCountry "BAN"]
[SourceTitle "CBM 193 Extra"]
[Source "ChessBase"]
[SourceDate "2020.01.31"]
[SourceVersion "1"]
[SourceVersionDate "2020.01.31"]
[SourceQuality "1"]
[WhiteTeam "Bangladesh Police"]
[BlackTeam "Sonargaon CC"]
[WhiteTeamCountry "BAN"]
[BlackTeamCountry "BAN"]

1. e4 d5 2. exd5 Qxd5 3. Nc3 Qa5 4. d4 Nf6 5. Nf3 Bf5 6. Ne5 c6 7. g4 Bg6 8. h4 Nbd7 9. Nc4 Qc7 10. h5 Be4 11. Nxe4 Nxe4 12. Bg2 Nef6 13. Qf3 Nd5 14. Bd2 e6 15. 0-0-0 Bb4 16. c3 Be7 17. Rhe1 h6 18. Ne3 Nxe3 19. fxe3 Bg5 20. Kb1 Nf6 21. c4 0-0 22. Bc3 Rad8 23. Bf1 b5 24. Rc1 bxc4 25. Bxc4 Nd5 26. Bd2 Qb6 27. Bd3 Rb8 28. Rc2 Rfc8 29. Rf1 Nf6 30. Ka1 c5 31. Rfc1 Rc7 32. b4 Nd7 33. dxc5 Nxc5 34. Rxc5 Rxc5 35. Rxc5 Bf6+ 36. Bc3 Qxb4 37. Qxf6 gxf6 38. Bxb4 Rxb4 39. Rc8+ Kg7 40. Rc7 Rxg4 41. Bg6 f5 42. Rxf7+ Kg8 43. Rxa7 Re4 44. Ra3 1-0

[Event "BAN-chB 44th"]
[Site "Dhaka"]
[Date "2018.11.15"]
[Round "3"]
[White "Faisal, Hossain"]
[Black "Ikramul, Haque Siam"]
[Result "0-1"]
[WhiteElo "1931"]
[BlackElo "2100"]
[PlyCount "44"]
[EventDate "2018.11.13"]
[EventType "swiss"]
[EventRounds "9"]
[EventCountry "BAN"]
[SourceTitle "CBM 187 Extra"]
[Source "ChessBase"]
[SourceDate "2018.11.04"]
[SourceVersion "1"]
[SourceVersionDate "2018.11.04"]
[SourceQuality "1"]

1. e4 e6 2. d4 d5 3. Nd2 Nf6 4. e5 Nfd7 5. Bd3 c5 6. c3 Nc6 7. Ne2 cxd4 8. cxd4 f6 9. exf6 Nxf6 10. Nf3 Bd6 11. 0-0 0-0 12. Bf4 Nh5 13. Bxd6 Qxd6 14. a3 Bd7 15. Qd2 Rxf3 16. gxf3 Rf8 17. f4 Nxf4 18. Nxf4 Rxf4 19. f3 Nxd4 20. Qg2 e5 21. Kh1 Qf6 22. Be2 Nc2 0-1

[Event "Gujarat op 1st"]
[Site "Ahmedabad"]
[Date "2018.10.12"]
[Round "10"]
[White "Sai Agni, Jeevitesh J"]
[Black "Ikramul, Haque Siam"]
[Result "1/2-1/2"]
[WhiteElo "2362"]
[BlackElo "2180"]
[PlyCount "120"]
[EventDate "2018.10.05"]
[EventType "swiss"]
[EventRounds "10"]
[EventCountry "IND"]
[SourceTitle "CBM 186 Extra"]
[Source "ChessBase"]
[SourceDate "2018.08.24"]
[SourceVersion "1"]
[SourceVersionDate "2018.08.24"]
[SourceQuality "1"]

1. Nf3 d5 2. e3 Nf6 3. c4 e6 4. b3 Be7 5. Bb2 0-0 6. Qc2 c5 7. Bd3 Nc6 8. a3 d4 9. exd4 Nxd4 10. Nxd4 cxd4 11. b4 a5 12. b5 e5 13. 0-0 Re8 14. Re1 Rf8 15. Rf1 Re8 16. Re1 Bc5 17. Bf5 e4 18. Bxc8 d3 19. Qc1 Rxc8 20. h3 Qb6 21. Rf1 Nh5 22. Nc3 Ng3 23. Nd5 Qh6 24. Re1 Ne2+ 25. Rxe2 dxe2 26. Qc3 Bd6 27. Qxa5 Rxc4 28. Re1 Qg5 29. b6 Qd8 30. Ne3 Rc5 31. Qa4 Be5 32. Bxe5 Rcxe5 33. Nc4 Qd4 34. Rxe2 Rc8 35. d3 Qxd3 36. Rd2 Qb1+ 37. Rd1 Qb5 38. Qxb5 Rxb5 39. Rd7 f5 40. Nd6 Rd5 41. a4 h6 42. Rc7 Ra8 43. Nxb7 Rxa4 44. Nc5 Rb4 45. b7 Rd1+ 46. Kh2 Rdb1 47. Kg3 g5 48. h4 f4+ 49. Kg4 f3 50. g3 h5+ 51. Kxg5 e3 52. Rc8+ Kf7 53. Rc7+ Kg8 54. Rc8+ Kf7 55. Rc7+ Ke8 56. Kf6 Rb6+ 57. Ne6 Rxb7 58. Ng7+ Kd8 59. Ne6+ Ke8 60. Ng7+ Kd8 1/2-1/2